Provident Building Services Limited v Hexagon Housing Association Limited (Record no. 122245)

MARC details
000 -LEADER
fixed length control field 01364naa a22002057a 4500
005 - DATE AND TIME OF LATEST TRANSACTION
control field 20260218100306.0
008 - FIXED-LENGTH DATA ELEMENTS--GENERAL INFORMATION
fixed length control field 260218e20260115xxk|||||ov|||o00| | eng d
041 ## - LANGUAGE CODE
Language code of text/sound track or separate title eng
245 ## - TITLE STATEMENT
Title Provident Building Services Limited v Hexagon Housing Association Limited
Subtitle [2026] UKSC 1
260 ## - PUBLICATION INFORMATION
Publisher The Supreme Court,
Date 15 January 2026
520 ## - ABSTRACT
Abstract Supreme Court judgement clarifying termination rights under JCT Design and Build contracts. In summary, when a client pays late, the Contractor has the right to issue a ‘warning notice’ for termination, which has a time limit (usually 28 days) for the payment to be made, and in the case in question, the Client paid up within that period. When that late payment happened again six months later, the Contractor thought they had the right to terminate immediately, based on the previous notice six months earlier. Not so, said the judge – each payment must be looked at in isolation. <br/><br/>
520 ## - ABSTRACT
Abstract Justices: Lord Reed, Lord Briggs, Lord Burrows, Lord Stephens, Lord Richards
650 ## - KEYWORDS
Keywords CONSTRUCTION CONTRACTS
650 ## - KEYWORDS
Keywords CONSTRUCTION LAW
650 ## - KEYWORDS
Keywords LATE PAYMENTS
650 ## - KEYWORDS
Keywords TERMINATION
651 ## - SUBJECT ADDED ENTRY--GEOGRAPHIC NAME
Geographic name United Kingdom
690 ## - LOCAL SUBJECT ADDED ENTRY--TOPICAL TERM (OCLC, RLIN)
Topical term or geographic name as entry element Construction management
9 (RLIN) 6230
856 ## - ONLINE RESOURCE
Uniform Resource Identifier https://supremecourt.uk/uploads/uksc_2024_0130_judgment_4957afaf10.pdf
Public note Judgement available on the Supreme Court website
Holdings
Withdrawn status Lost status Damaged status Koha normalized classification for sorting Not for loan Home library Current library Shelving location Date acquired Total Checkouts Full call number Date last seen Price effective from Koha item type
      ONLINE_JUDGMENT   Virtual Virtual Online 18/02/2026   ONLINE JUDGMENT 18/02/2026 18/02/2026 Law report